First 50 Countries Alphabetically - Statistics

General Stats
  • This quiz has been taken 188 times
  • The average score is 38 of 50
Answer Stats
Country % Correct
Australia
94%
Austria
92%
Andorra
91%
Armenia
91%
Azerbaijan
90%
Belgium
89%
Denmark
89%
Albania
88%
Afghanistan
86%
Algeria
85%
Antigua and Barbuda
85%
China
85%
Angola
84%
Brazil
83%
Canada
83%
Argentina
82%
Belize
82%
Barbados
81%
Chile
81%
Belarus
80%
Bahrain
79%
Bolivia
79%
Croatia
79%
Bahamas
78%
Benin
77%
Botswana
77%
Colombia
77%
Bangladesh
76%
Burundi
75%
Cameroon
75%
Djibouti
75%
Chad
74%
Bhutan
73%
Brunei
73%
Bulgaria
73%
Dominican Republic
73%
Cambodia
72%
Dominica
72%
Bosnia and Herzegovina
70%
Comoros
70%
Democratic Republic of the Congo
69%
Costa Rica
67%
Cuba
66%
Czech Republic
66%
Burkina Faso
65%
Cyprus
63%
Ecuador
63%
Cape Verde
56%
Central African Republic
56%
East Timor
50%
No matching quizzes found
Score Distribution
Percent of People with Each Score
Percentile by Number Answered
Your Score History
You have not taken this quiz